[Event "ISR-chT"]
[Site "Israel"]
[Date "2020.02.15"]
[Round "8.5"]
[White "Krayz, Alexander"]
[Black "Mindlin, Alon"]
[Result "1/2-1/2"]
[WhiteElo "2359"]
[BlackElo "2432"]
[PlyCount "124"]
[EventDate "2020.01.10"]
[EventType "team-tourn"]
[EventRounds "11"]
[EventCountry "ISR"]
[SourceTitle "CBM 194 Extra"]
[Source "ChessBase"]
[SourceDate "2020.03.31"]
[SourceVersion "1"]
[SourceVersionDate "2020.03.31"]
[SourceQuality "1"]
[WhiteTeam "Herzliya"]
[BlackTeam "Kfar Saba Hapoel"]
[WhiteTeamCountry "ISR"]
[BlackTeamCountry "ISR"]

1. e4 e5 2. Nf3 Nc6 3. Bb5 a6 4. Ba4 Nf6 5. Qe2 b5 6. Bb3 Be7 7. c3 0-0 8. 0-0 d5 9. d3 Be6 10. Rd1 Re8 11. Nbd2 h6 12. Nf1 Qd7 13. Ng3 Rad8 14. h3 Bf8 15. Nh2 Qc8 16. Qf3 dxe4 17. dxe4 Rxd1+ 18. Bxd1 Kh7 19. Ng4 Qd8 20. Nxf6+ Qxf6 21. Qxf6 gxf6 22. Kf1 Rd8 23. Ke1 Bc5 24. Bg4 b4 25. Bf5+ Bxf5 26. Nxf5 bxc3 27. bxc3 Rd3 28. Bd2 Bxf2+ 29. Ke2 Rd8 30. Bxh6 Bb6 31. Rd1 Rg8 32. g4 Ba5 33. Rd7 Bxc3 34. Rxc7 Nd4+ 35. Nxd4 Bxd4 36. Bd2 Kg7 37. h4 Rb8 38. h5 Rb2 39. a4 Rb3 40. h6+ Kg8 41. Rc8+ Kh7 42. Rf8 Rb7 43. Ra8 Ra7 44. Rb8 Rc7 45. Kd3 Rd7 46. Kc2 Rc7+ 47. Kb3 Rd7 48. Ra8 Rb7+ 49. Kc4 Rb2 50. Kd3 Rb3+ 51. Kc2 Rb2+ 52. Kc1 Rb6 53. a5 Rc6+ 54. Kd1 Bf2 55. Ke2 Bh4 56. Rb8 Bg5 57. Bxg5 fxg5 58. Rb7 Rf6 59. Re7 Kxh6 60. Rxe5 Rf4 61. Rf5 Rxe4+ 62. Kf3 Rf4+ 1/2-1/2

[Event "ISR-chT"]
[Site "Israel"]
[Date "2020.02.07"]
[Round "5.4"]
[White "Krayz, Alexander"]
[Black "Nedobora, Mikhail"]
[Result "1/2-1/2"]
[WhiteElo "2359"]
[BlackElo "2360"]
[PlyCount "68"]
[EventDate "2020.01.10"]
[EventType "team-tourn"]
[EventRounds "11"]
[EventCountry "ISR"]
[SourceTitle "CBM 194 Extra"]
[Source "ChessBase"]
[SourceDate "2020.03.31"]
[SourceVersion "1"]
[SourceVersionDate "2020.03.31"]
[SourceQuality "1"]
[WhiteTeam "Herzliya"]
[BlackTeam "Petah Tikva Elitzur Maarav"]
[WhiteTeamCountry "ISR"]
[BlackTeamCountry "ISR"]

1. e4 c5 2. Nf3 d6 3. Bb5+ Nd7 4. c4 e5 5. Nc3 Ne7 6. d3 Nc6 7. 0-0 a6 8. Bxc6 bxc6 9. Ne1 Be7 10. f4 exf4 11. Bxf4 0-0 12. Nf3 Nb6 13. Qe1 Qd7 14. Qg3 Qe6 15. Nh4 Bxh4 16. Qxh4 f6 17. Qg3 Rd8 18. Rf2 Ra7 19. Raf1 Re7 20. h3 Kh8 21. Nd1 Ree8 22. Ne3 Qe7 23. Qh2 Be6 24. b3 Nc8 25. Re2 Qd7 26. g4 Ne7 27. Nf5 Ng6 28. Bd2 Ne5 29. Qg3 d5 30. Ba5 Rb8 31. Bc3 Bxf5 32. Rxf5 dxc4 33. dxc4 Nf7 34. Kh2 Rbd8 1/2-1/2